000 00899nam a2200229 i 4500
001 157521
003 ES-MaACL
005 20230906210722.0
008 040811q18801910fr b |||| | fre d
040 _aCAM
_bspa
_cCAM
100 1 _aLéon, Henry.
_9129183
245 1 0 _aBayonne
_b: bains, climat, environs /
_cpar Henry Léon.
260 _aBordeaux :
_bImprimeri Nouvelle A. Bellier éditeur,
_c[s.a.]
300 _a70, [1] p., [1] h. pleg. de mapa ;
_c13 cm.
490 1 _aLe touriste
596 _aProbablemente impreso a finales del siglo XIX o comienzos del XX.
596 _aEn pie de imp. de la cub. original consta: Bayonne : Syndicat Régional.
651 4 _aBayona (Francia)-
_xDescripción.
_9159926
830 0 _aLe touriste
_9221797
852 _aES-MaACL
_jT-643-F-1
_z- Enc. hol. conservando la cub. original
_z- Enc. en un vol. facticio, de 19 cm
999 _c157521
_d157521